000 01435cam a2200121 4500500
005 20250921000832.0
041 _afre
042 _adc
245 0 0 _aComprendre Adam Smith
260 _bArmand Colin,
_c2011.
520 _aSans cesse citée, mais rarement lue, l’œuvre d’Adam Smith est victime de nombreux contresens. Elle est aussi souvent trahie par le jeu des récupérations idéologiques qui font d’elle une référence ultime justifiant toutes les dérives libérales. C’est oublier l’essentiel. Certes, Adam Smith, peut être considéré comme le fondateur de l’économie politique et le père du libéralisme. Mais il se voyait également comme un philosophe moral, écrivant aussi bien des essais relatifs à l’histoire des sciences, à l’esthétique et au droit. Sa pensée forme un tout – un système – et on ne saurait séparer la Richesse des Nations de laThéorie des sentiments moraux. D’où l’intérêt du présent ouvrage qui intègre cette dimension philosophique et pré-sociologique. Il en ressort une perception complètement renouvelée du rôle de la puissance publique, ainsi que des mécanismes de marché. Loin de défendre le seul intérêt des individus, Adam Smith valorise essentiellement la liberté et la justice, tout en critiquant le système mercantile.
856 4 1 _uhttps://shs.cairn.info/comprendre-adam-smith--9782200249519?lang=fr&redirect-ssocas=7080
999 _c1503267
_d1503267